[Event "Ruhrgebiet Verbandsklasse Gruppe 2 1819"]
[Site "Nordrheinwestfalen"]
[Date "2019.01.20"]
[Round "5.6"]
[White "Goessling, Juergen"]
[Black "Grube, Joerg"]
[Result "1/2-1/2"]
[WhiteElo "1723"]
[BlackElo "1813"]
[PlyCount "97"]
[EventDate "2018.09.23"]
[EventType "team-tourn"]
[EventRounds "9"]
[EventCountry "GER"]
[SourceTitle "EXT 2022"]
[Source "ChessBase"]
[SourceDate "2021.10.06"]
[SourceVersion "1"]
[SourceVersionDate "2021.10.06"]
[SourceQuality "1"]
[WhiteTeam "Unser Fritz"]
[BlackTeam "Dortmund FS"]
[WhiteTeamCountry "GER"]
[BlackTeamCountry "GER"]

1. e4 e5 2. Nf3 Nc6 3. d4 exd4 4. Bc4 Bc5 5. c3 dxc3 6. Bxf7+ Kf8 7. Nxc3 Nf6 8. Bb3 d6 9. h3 Qe8 10. 0-0 h6 11. Re1 Qg6 12. Nh4 Qg3 13. Nf5 Bxf5 14. Be3 Qg6 15. exf5 Qxf5 16. Rc1 Bxe3 17. Rxe3 Re8 18. Rf3 Qe5 19. Re3 Qd4 20. Rxe8+ Kxe8 21. Qf3 Kd8 22. Ba4 Qc5 23. Rc2 Re8 24. Ne2 Qd5 25. Qxd5 Nxd5 26. Kf1 Ndb4 27. Rc4 Nxa2 28. Bxc6 bxc6 29. Ra4 Kc8 30. Rxa2 Kb7 31. Ra3 c5 32. Rg3 Re7 33. Ke1 d5 34. Kd2 Rf7 35. f3 Kc6 36. Rg6+ Kb5 37. Nc3+ Kc4 38. Kc2 d4 39. b3+ Kb4 40. Nd5+ Kb5 41. Re6 a5 42. Re7 Rxe7 43. Nxe7 c4 44. Nf5 cxb3+ 45. Kxb3 a4+ 46. Ka3 d3 47. Ne3 Kc5 48. Kxa4 Kd4 49. Nd1 1/2-1/2

[Event "Ruhrgebiet Verbandsklasse Gruppe 3 1718"]
[Site "Germany"]
[Date "2017.10.08"]
[Round "2.6"]
[White "Goessling, Juergen"]
[Black "Vengels, Joachim"]
[Result "0-1"]
[WhiteElo "1749"]
[BlackElo "1967"]
[PlyCount "64"]
[EventDate "2017.09.17"]
[EventType "team-tourn"]
[EventRounds "9"]
[EventCountry "GER"]
[SourceTitle "EXT 2022"]
[Source "ChessBase"]
[SourceDate "2021.10.06"]
[SourceVersion "1"]
[SourceVersionDate "2021.10.06"]
[SourceQuality "1"]
[WhiteTeam "Wanne-Eickel SV Unser Fritz"]
[BlackTeam "Hervest Dorsten"]
[WhiteTeamCountry "GER"]
[BlackTeamCountry "GER"]

1. e4 c6 2. d4 d5 3. Nc3 dxe4 4. Nxe4 Nf6 5. Ng3 e6 6. Nf3 c5 7. Bg5 Be7 8. c3 Nbd7 9. Qc2 0-0 10. Rd1 Qc7 11. Bd3 h6 12. Bc1 cxd4 13. Nxd4 Nc5 14. Be2 a6 15. 0-0 b5 16. Bf3 Bb7 17. Rfe1 Rac8 18. Qe2 Bxf3 19. Nxf3 Rfd8 20. Nd4 Bd6 21. Qf3 Nd5 22. Qg4 Nf6 23. Qf3 Qb7 24. Qxb7 Nxb7 25. Nb3 Rd7 26. f3 Rcd8 27. Kf1 Kf8 28. Rd2 Nd5 29. Ne4 Bb8 30. g3 Ba7 31. Rc2 Rc8 32. Bd2 Nb4 0-1

[Event "Ruhrgebiet Verbandsliga Gruppe 2 1516"]
[Site "Germany"]
[Date "2016.02.21"]
[Round "7"]
[White "Nowak, Michael"]
[Black "Goessling, Juergen"]
[Result "1-0"]
[WhiteElo "1924"]
[BlackElo "1783"]
[PlyCount "51"]
[EventDate "2015.09.06"]
[EventType "team-tourn"]
[EventRounds "9"]
[EventCountry "GER"]
[SourceTitle "EXT 2022"]
[Source "ChessBase"]
[SourceDate "2021.10.06"]
[SourceVersion "1"]
[SourceVersionDate "2021.10.06"]
[SourceQuality "1"]
[WhiteTeam "Essen Werden"]
[BlackTeam "Wanne-Eickel SV Unser Fritz"]
[WhiteTeamCountry "GER"]
[BlackTeamCountry "GER"]

1. e4 e6 2. d4 d5 3. exd5 exd5 4. c4 Bb4+ 5. Bd2 Qe7+ 6. Be2 Bxd2+ 7. Nxd2 Nf6 8. Ngf3 Nc6 9. 0-0 0-0 10. Re1 dxc4 11. Bxc4 Qd6 12. Ne4 Nxe4 13. Rxe4 Bf5 14. Re1 Bg4 15. d5 Ne5 16. Rxe5 Bxf3 17. Qd4 Qg6 18. g3 Qd6 19. Rf5 c5 20. Qh4 b5 21. Bd3 g6 22. Rxf3 c4 23. Bc2 Rac8 24. Rd1 Qa6 25. g4 Qxa2 26. Rh3 1-0

[Event "NRW Verbandsklasse Group1 1314"]
[Site "Nordrheinwestfalen"]
[Date "2014.01.26"]
[Round "6"]
[White "Boecker, Juergen"]
[Black "Goessling, Juergen"]
[Result "1/2-1/2"]
[WhiteElo "1774"]
[BlackElo "1808"]
[PlyCount "39"]
[EventDate "2013.09.08"]
[EventType "team-tourn"]
[EventRounds "9"]
[EventCountry "GER"]
[SourceTitle "EXT 2020"]
[Source "ChessBase"]
[SourceDate "2019.10.17"]
[SourceVersion "1"]
[SourceVersionDate "2019.10.17"]
[SourceQuality "1"]
[WhiteTeam "Oberhausen SW"]
[BlackTeam "Unser Fritz"]
[WhiteTeamCountry "GER"]
[BlackTeamCountry "GER"]

1. e4 e5 2. Nf3 Nc6 3. d4 exd4 4. Bc4 Bc5 5. c3 Qe7 6. 0-0 Ne5 7. Nxe5 Qxe5 8. Qb3 Qh5 9. Bf4 d6 10. e5 d5 11. Bxd5 c6 12. Bc4 Ne7 13. e6 fxe6 14. Bxe6 Bxe6 15. Qxe6 Qf5 16. Qxf5 Nxf5 17. Re1+ Kd7 18. Rd1 Rae8 19. cxd4 Bb6 20. Nc3 1/2-1/2

[Event "Ruhrgebiet VK3 1213"]
[Site "Nordrheinwestfalen"]
[Date "2013.04.28"]
[Round "9"]
[White "Brandhorst, Dieter"]
[Black "Goessling, Juergen"]
[Result "1-0"]
[WhiteElo "1856"]
[BlackElo "1796"]
[PlyCount "49"]
[EventDate "2012.09.02"]
[EventType "team-tourn"]
[EventRounds "9"]
[EventCountry "GER"]
[SourceTitle "EXT 2020"]
[Source "ChessBase"]
[SourceDate "2019.10.17"]
[SourceVersion "1"]
[SourceVersionDate "2019.10.17"]
[SourceQuality "1"]
[WhiteTeam "Wacker Bergeborbeck"]
[BlackTeam "Unser Fritz"]
[WhiteTeamCountry "GER"]
[BlackTeamCountry "GER"]

1. e4 e5 2. Nf3 Nf6 3. Nc3 Bb4 4. Bc4 0-0 5. d3 d6 6. 0-0 c6 7. h3 h6 8. a3 Bxc3 9. bxc3 Be6 10. Bb3 Nbd7 11. Be3 d5 12. Nd2 Qa5 13. f4 exf4 14. Bd4 c5 15. exd5 Bxd5 16. Bxf6 Nxf6 17. Rxf4 Qxc3 18. Bxd5 Nxd5 19. Rc4 Qf6 20. Ne4 Qe5 21. Rxc5 Qd4+ 22. Kh2 Rfe8 23. c3 Nxc3 24. Rxc3 Rxe4 25. Rc4 1-0

[Event "Ruhrgebiet VK3 1213"]
[Site "Nordrheinwestfalen"]
[Date "2013.02.03"]
[Round "6"]
[White "Goessling, Juergen"]
[Black "Lenz, Helmut"]
[Result "0-1"]
[WhiteElo "1796"]
[BlackElo "2036"]
[PlyCount "97"]
[EventDate "2012.09.02"]
[EventType "team-tourn"]
[EventRounds "9"]
[EventCountry "GER"]
[SourceTitle "EXT 2020"]
[Source "ChessBase"]
[SourceDate "2019.10.17"]
[SourceVersion "1"]
[SourceVersionDate "2019.10.17"]
[SourceQuality "1"]
[WhiteTeam "Unser Fritz"]
[BlackTeam "Eichlinghofen SV II"]
[WhiteTeamCountry "GER"]
[BlackTeamCountry "GER"]

1. e4 d5 2. exd5 Qxd5 3. Nf3 Nc6 4. Nc3 Qa5 5. h3 Nf6 6. d4 Bf5 7. Bb5 e6 8. Bd2 Bb4 9. Qe2 0-0 10. 0-0 Rad8 11. Bxc6 bxc6 12. Ne5 Qb6 13. Be3 Nd5 14. Qc4 Bxc3 15. bxc3 Rd6 16. Rfb1 Qa5 17. Nxc6 Qa3 18. Rb3 Nb6 19. Ne7+ Kh8 20. Qxc7 Rd7 21. Qxd7 Qxb3 22. cxb3 Nxd7 23. Nxf5 exf5 24. Kf1 Nf6 25. Ke2 Nd5 26. Kd3 f4 27. Bd2 g5 28. Re1 Rd8 29. c4 Nb6 30. Re7 Rd7 31. Rxd7 Nxd7 32. b4 Kg7 33. Bc3 h5 34. d5+ f6 35. c5 h4 36. a4 g4 37. Ke4 f3 38. gxf3 gxh3 39. c6 Nb6 40. d6 h2 41. d7 h1Q 42. Bxf6+ Kxf6 43. d8Q+ Kf7 44. c7 Qe1+ 45. Kf5 Qe6+ 46. Kg5 h3 47. a5 Nc8 48. Kh4 h2 49. Qd1 0-1

[Event "Ruhrgebiet VK2 0910"]
[Site "Ruhrgebiet"]
[Date "2009.11.08"]
[Round "3.8"]
[White "Schmock, Sven"]
[Black "Goessling, Juergen"]
[Result "0-1"]
[WhiteElo "1791"]
[BlackElo "1749"]
[PlyCount "86"]
[EventDate "2009.09.06"]
[EventType "team"]
[EventRounds "9"]
[EventCountry "GER"]
[SourceTitle "EXT 2011"]
[Source "ChessBase"]
[SourceDate "2010.11.26"]
[SourceVersion "1"]
[SourceVersionDate "2010.11.26"]
[SourceQuality "1"]
[WhiteTeam "Eichlinghofen SV II"]
[BlackTeam "Unser Fritz"]
[WhiteTeamCountry "GER"]
[BlackTeamCountry "GER"]

1. e4 e6 2. d4 d5 3. exd5 exd5 4. Nf3 Bd6 5. c3 h6 6. Be3 Bg4 7. Qb3 Qc8 8. Qxd5 Nf6 9. Bb5+ Nbd7 10. Bxd7+ Qxd7 11. Qxb7 0-0 12. Qb3 Bxf3 13. gxf3 Qh3 14. Nd2 Rab8 15. Qc2 Nd5 16. 0-0-0 Nxe3 17. fxe3 Qe6 18. Ne4 Qxa2 19. Nxd6 cxd6 20. b4 Qc4 21. Kd2 Rfc8 22. Rb1 Qd5 23. e4 Qg5+ 24. Kd3 f5 25. Rhg1 Qh5 26. Qg2 Qf7 27. d5 Qc7 28. Rbc1 Qc4+ 29. Kd2 Rb7 30. Qg6 Rf7 31. Rg2 Re8 32. Re1 Rc8 33. Re3 f4 34. Rd3 Qa2+ 35. Ke1 Qa1+ 36. Kf2 Qb2+ 37. Kf1 Qc1+ 38. Ke2 Qc2+ 39. Rd2 Qxc3 40. Qe6 Qe3+ 41. Kd1 Qxf3+ 42. Rde2 Qb3+ 43. Rc2 Qb1+ 0-1

[Event "Ruhrgebiet VK2 0910"]
[Site "Ruhrgebiet"]
[Date "2009.09.06"]
[Round "1.8"]
[White "Goessling, Juergen"]
[Black "Bessert, Michael"]
[Result "1/2-1/2"]
[WhiteElo "1749"]
[BlackElo "1669"]
[PlyCount "63"]
[EventDate "2009.09.06"]
[EventType "team"]
[EventRounds "9"]
[EventCountry "GER"]
[SourceTitle "EXT 2011"]
[Source "ChessBase"]
[SourceDate "2010.11.26"]
[SourceVersion "1"]
[SourceVersionDate "2010.11.26"]
[SourceQuality "1"]
[WhiteTeam "Unser Fritz"]
[BlackTeam "Kirchhellen SF"]
[WhiteTeamCountry "GER"]
[BlackTeamCountry "GER"]

1. e4 e6 2. d4 d5 3. exd5 exd5 4. Bd3 Bd6 5. c3 Nf6 6. Bg5 0-0 7. Ne2 Bg4 8. 0-0 c6 9. Qc2 Bxe2 10. Bxe2 Nbd7 11. Nd2 b5 12. Nf3 Qc7 13. Bd3 h6 14. Bh4 Rfe8 15. Rfe1 a5 16. Bg3 Bxg3 17. hxg3 a4 18. Nh4 Nf8 19. Kf1 Rxe1+ 20. Rxe1 Re8 21. Rxe8 Nxe8 22. Qe2 Nd6 23. Nf5 Nxf5 24. Bxf5 g6 25. Bh3 Kg7 26. Qe8 Qd6 27. Bc8 Ne6 28. Bd7 Nc7 29. Qe5+ Qxe5 30. dxe5 c5 31. Ke2 Kf8 32. Kd3 1/2-1/2

[Event "Ruhrgebiet VK2 0001"]
[Site "Ruhrgebiet"]
[Date "2000.09.17"]
[Round "1"]
[White "Goessling, Juergen"]
[Black "Jaring, Thorsten"]
[Result "1/2-1/2"]
[WhiteElo "1741"]
[BlackElo "1822"]
[PlyCount "64"]
[EventDate "2000.09.17"]
[EventType "team-tourn"]
[EventRounds "9"]
[EventCountry "GER"]
[SourceTitle "EXT 2023"]
[Source "ChessBase"]
[SourceDate "2022.10.05"]
[SourceVersion "1"]
[SourceVersionDate "2022.10.05"]
[SourceQuality "1"]
[WhiteTeam "Neu Herne Zeppelin"]
[BlackTeam "Recklinghausen Laeufer Ost"]
[WhiteTeamCountry "GER"]
[BlackTeamCountry "GER"]

1. e4 d5 2. e5 Bf5 3. d4 e6 4. h4 h6 5. Bd3 Bxd3 6. Qxd3 c6 7. Nd2 Qa5 8. Ne2 Qa6 9. Qxa6 Nxa6 10. c3 Ne7 11. Nf3 h5 12. Ng3 Rc8 13. Be3 c5 14. Rc1 Ng6 15. a3 Be7 16. Ng5 Nb8 17. f4 Bxg5 18. hxg5 cxd4 19. cxd4 Rxc1+ 20. Bxc1 h4 21. Ne2 Nc6 22. Bd2 Ke7 23. Rh3 Kd7 24. Kd1 Nce7 25. Rc3 Nf5 26. Be1 Nge7 27. Rh3 Nc6 28. Bc3 Rc8 29. Kd2 a6 30. b3 Na7 31. Bb2 Nc6 32. Bc3 Na7 1/2-1/2